[Event "Warsaw Chess op-A"]
[Site "Warsaw"]
[Date "2022.07.22"]
[Round "5"]
[White "Markuszewski, Maksymilian"]
[Black "Atkinson, Paul"]
[Result "1-0"]
[WhiteElo "1931"]
[BlackElo "2116"]
[PlyCount "105"]
[EventDate "2022.07.18"]
[EventType "swiss"]
[EventRounds "9"]
[EventCountry "POL"]
[SourceTitle "CBM 209 Extra"]
[Source "ChessBase"]
[SourceDate "2022.09.30"]
[SourceVersion "1"]
[SourceVersionDate "2022.09.30"]
[SourceQuality "1"]

1. d4 Nf6 2. c4 e6 3. Nf3 b6 4. g3 Bb7 5. Bg2 Bb4+ 6. Bd2 Be7 7. Nc3 Ne4 8. 0-0 f5 9. Ne5 Nxc3 10. Bxc3 Bxg2 11. Kxg2 0-0 12. Qc2 Nc6 13. Nxc6 dxc6 14. Rad1 Qe8 15. f4 b5 16. b3 b4 17. Bb2 Bf6 18. e4 fxe4 19. Qxe4 Qd7 20. Rfe1 Rfe8 21. a4 a5 22. Bc1 Rad8 23. Be3 Re7 24. Qf3 Qd6 25. Qh5 Ra8 26. Bf2 g6 27. Qg4 Kf7 28. Re4 Rd8 29. Rde1 Rde8 30. Qe2 Rd8 31. Kg1 Qd7 32. h3 Rde8 33. Kh2 Qd6 34. Qf3 Rd8 35. Re5 Kg7 36. Rxa5 Bxd4 37. Bxd4+ Qxd4 38. Rae5 Qb2+ 39. R5e2 Rd2 40. Rxd2 Qxd2+ 41. Qe2 Qd8 42. Qe5+ Kf7 43. Qe3 c5 44. Re2 Qd1 45. Kg2 c6 46. g4 Qd6 47. Qe5 Qd3 48. f5 gxf5 49. gxf5 Qxb3 50. fxe6+ Kg6 51. Kh2 Qxc4 52. Rg2+ Kh6 53. Qg5# 1-0

[Event "Warsaw Chess op-A"]
[Site "Warsaw"]
[Date "2022.07.20"]
[Round "3"]
[White "Spicak, Krzysztof"]
[Black "Atkinson, Paul"]
[Result "0-1"]
[WhiteElo "1858"]
[BlackElo "2116"]
[PlyCount "112"]
[EventDate "2022.07.18"]
[EventType "swiss"]
[EventRounds "9"]
[EventCountry "POL"]
[SourceTitle "CBM 209 Extra"]
[Source "ChessBase"]
[SourceDate "2022.09.30"]
[SourceVersion "1"]
[SourceVersionDate "2022.09.30"]
[SourceQuality "1"]

1. f4 d5 2. b3 c5 3. Bb2 Nc6 4. e3 a6 5. d4 cxd4 6. exd4 Nf6 7. Nf3 g6 8. Be2 Bh6 9. Bc1 Qc7 10. g3 Bh3 11. Rg1 Ne4 12. Bb2 0-0 13. Nbd2 Qa5 14. a3 Nc3 15. Qc1 Nxe2 16. Kxe2 Rac8 17. c4 dxc4 18. bxc4 f6 19. d5 Nd8 20. a4 Nf7 21. Bc3 Qc7 22. Bb4 Rfe8 23. Nd4 e5 24. dxe6 Bxe6 25. Kd3 Rcd8 26. Re1 Bg7 27. N2f3 f5 28. c5 Bd5 29. Rxe8+ Rxe8 30. Ra3 Bxf3 31. Nxf3 Qe7 32. Nd2 Qe2+ 33. Kc2 Rd8 34. Qd1 Qf2 35. Rb3 Qd4 36. Qf3 a5 37. Bxa5 Qxc5+ 38. Bc3 Nd6 39. Kb2 Bxc3+ 40. Qxc3 Qf2 41. Ka3 Qxd2 42. Qxd2 Nc4+ 43. Kb4 Nxd2 44. Rc3 Rd7 45. a5 Ne4 46. Rc8+ Kf7 47. Rh8 Ke6 48. Kb5 Nd6+ 49. Kb6 Nc4+ 50. Kb5 Kd5 51. a6 bxa6+ 52. Kxa6 Kc6 53. Re8 Nd6 54. Re1 Nc4 55. Rc1 Kc5 56. Rc2 Rd2 0-1

[Event "Oberliga Nord O 2122"]
[Site "Germany"]
[Date "2022.04.03"]
[Round "8.7"]
[White "Atkinson, Paul"]
[Black "Hoeckendorf, Hartmut"]
[Result "1/2-1/2"]
[WhiteElo "2103"]
[BlackElo "2130"]
[PlyCount "159"]
[EventDate "2021.10.31"]
[EventType "team-tourn"]
[EventRounds "9"]
[EventCountry "GER"]
[SourceTitle "EXT 2023"]
[Source "ChessBase"]
[SourceDate "2022.10.05"]
[SourceVersion "1"]
[SourceVersionDate "2022.10.05"]
[SourceQuality "1"]
[WhiteTeam "Berlin Empor"]
[BlackTeam "Oberschoeneweide"]
[WhiteTeamCountry "GER"]
[BlackTeamCountry "GER"]

1. Nf3 Nf6 2. c4 g6 3. Nc3 Bg7 4. e4 d6 5. d4 0-0 6. Be2 e5 7. d5 Na6 8. Bg5 h6 9. Bh4 Qe8 10. Nd2 Nxe4 11. Ndxe4 f5 12. f3 fxe4 13. Nxe4 Bf5 14. Bd3 Nc5 15. 0-0 Nxd3 16. Qxd3 g5 17. Bg3 Qg6 18. Rae1 b6 19. Qe3 Rf7 20. h3 a5 21. a4 Bd7 22. b3 Raf8 23. Bh2 Qh5 24. Rf2 Bf6 25. g4 Qg6 26. Kg2 h5 27. Rh1 Bd8 28. Rff1 Rh7 29. Bg3 Kg7 30. Be1 Rf4 31. Ng3 hxg4 32. hxg4 Rxh1 33. Rxh1 Rd4 34. Qg1 Bf6 35. Nh5+ Kf7 36. Nxf6 Kxf6 37. Rh8 Rd1 38. Qh1 Kg7 39. Rd8 Be8 40. Rc8 Qc2+ 41. Kg3 Qe2 42. Rxc7+ Bf7 43. Rxf7+ Kxf7 44. Qh7+ Ke8 45. Qg8+ Ke7 46. Qe6+ Kf8 47. Qxd6+ Kg7 48. Bf2 Rd3 49. Qd7+ Kh6 50. Qe6+ Kg7 51. Qd7+ Kh6 52. Qc6+ Kg7 53. Qc7+ Kh6 54. Qxb6+ Kg7 55. Qc7+ Kh6 56. Qd6+ Kg7 57. Qd7+ Kh6 58. Qe6+ Kg7 59. Qe7+ Kg6 60. Qe6+ Kg7 61. Qf5 e4 62. Qxg5+ Kh7 63. Qh5+ Kg7 64. Qg5+ Kh7 65. Qf5+ Kg7 66. Bd4+ Rxd4 67. Qe5+ Kg6 68. Qf5+ Kg7 69. Qe5+ Kg6 70. Qxd4 Qxf3+ 71. Kh2 e3 72. Qb6+ Kg5 73. Qd8+ Kxg4 74. Qg8+ Kf5 75. Qf7+ Kg4 76. Qg6+ Kf4 77. Qf6+ Kg4 78. Qd4+ Kg5 79. Qg7+ Kf4 80. Qd4+ 1/2-1/2

[Event "Oberliga Nord O 1718"]
[Site "Germany"]
[Date "2018.01.21"]
[Round "5.5"]
[White "Kohn, Andreas"]
[Black "Atkinson, Paul"]
[Result "0-1"]
[WhiteElo "1955"]
[BlackElo "2181"]
[PlyCount "86"]
[EventDate "2017.10.08"]
[EventType "team-tourn"]
[EventRounds "9"]
[EventCountry "GER"]
[SourceTitle "EXT 2019"]
[Source "ChessBase"]
[SourceDate "2018.10.10"]
[SourceVersion "1"]
[SourceVersionDate "2018.10.10"]
[SourceQuality "1"]
[WhiteTeam "Stralsund"]
[BlackTeam "Berlin Empor"]
[WhiteTeamCountry "GER"]
[BlackTeamCountry "GER"]

1. e4 e6 2. d4 d5 3. exd5 exd5 4. Bd3 Bd6 5. Ne2 Qh4 6. g3 Qh5 7. Nf4 Qxd1+ 8. Kxd1 Bg4+ 9. Be2 Bxe2+ 10. Kxe2 Nf6 11. Re1 0-0 12. Kf1 Nbd7 13. Nc3 c6 14. Bd2 Rfe8 15. Rxe8+ Rxe8 16. Re1 Rxe1+ 17. Kxe1 Nf8 18. f3 Ne6 19. Nce2 Kf8 20. Nxe6+ fxe6 21. Bf4 Ke7 22. Kd2 Nd7 23. Bxd6+ Kxd6 24. f4 Nf6 25. Ng1 b6 26. Nf3 c5 27. c3 c4 28. Ne5 h5 29. Nf7+ Ke7 30. Ne5 a6 31. Ke3 Ng4+ 32. Nxg4 hxg4 33. Kf2 Kf6 34. Kg2 Kf5 35. h3 b5 36. Kh2 gxh3 37. Kxh3 g5 38. fxg5 e5 39. g4+ Kxg5 40. dxe5 b4 41. Kg3 d4 42. Kf3 dxc3 43. bxc3 b3 0-1

[Event "Oberliga Nord O 1617"]
[Site "Germany"]
[Date "2017.04.23"]
[Round "8.3"]
[White "Atkinson, Paul"]
[Black "Stubbe, Wilko"]
[Result "1/2-1/2"]
[WhiteElo "2170"]
[BlackElo "2174"]
[PlyCount "112"]
[EventDate "2016.10.16"]
[EventType "team-tourn"]
[EventRounds "9"]
[EventCountry "GER"]
[SourceTitle "EXT 2018"]
[Source "ChessBase"]
[SourceDate "2017.10.13"]
[SourceVersion "1"]
[SourceVersionDate "2017.10.13"]
[SourceQuality "1"]
[WhiteTeam "Berlin Empor"]
[BlackTeam "Greifswald"]
[WhiteTeamCountry "GER"]
[BlackTeamCountry "GER"]

1. d4 Nf6 2. c4 c5 3. d5 b5 4. cxb5 a6 5. bxa6 d6 6. Nc3 g6 7. Nf3 Bg7 8. g3 0-0 9. Bg2 Nbd7 10. 0-0 Bxa6 11. Rb1 Ng4 12. Bd2 Nb6 13. h3 Nf6 14. Nh2 Nc4 15. Be1 Qc7 16. b3 Na3 17. Rc1 Rfc8 18. Bd2 Qb7 19. Re1 c4 20. Na4 Rab8 21. b4 Nd7 22. Ng4 Nb5 23. Nc3 Qa8 24. a4 Nd4 25. b5 Bb7 26. Bh6 Nb3 27. Bxg7 Kxg7 28. Rb1 Ndc5 29. Ra1 Qa5 30. Qc2 Nxa1 31. Rxa1 Nb3 32. Rd1 Ra8 33. Qb2 f6 34. Ne3 Rc7 35. Nc2 Bc8 36. Nd4 Nxd4 37. Rxd4 Qb6 38. Rh4 Bf5 39. Qd2 g5 40. Be4 gxh4 41. Bxf5 hxg3 42. e3 gxf2+ 43. Kxf2 Qc5 44. Qd1 e6 45. Qg4+ Kh8 46. dxe6 Qe5 47. Qe4 Qxc3 48. Qxa8+ Kg7 49. Qg2+ Kh8 50. Qa8+ Kg7 51. Qg2+ Kh6 52. Qe4 Qd2+ 53. Kf1 Qd1+ 54. Kf2 Qd2+ 55. Kf1 Qd1+ 56. Kf2 Qd2+ 1/2-1/2

[Event "Oberliga Nord O 1617"]
[Site "Germany"]
[Date "2017.02.05"]
[Round "5.3"]
[White "Niehaus, Frank"]
[Black "Atkinson, Paul"]
[Result "1/2-1/2"]
[WhiteElo "2220"]
[BlackElo "2170"]
[PlyCount "178"]
[EventDate "2016.10.16"]
[EventType "team-tourn"]
[EventRounds "9"]
[EventCountry "GER"]
[SourceTitle "EXT 2018"]
[Source "ChessBase"]
[SourceDate "2017.10.13"]
[SourceVersion "1"]
[SourceVersionDate "2017.10.13"]
[SourceQuality "1"]
[WhiteTeam "Koenig Tegel"]
[BlackTeam "Berlin Empor"]
[WhiteTeamCountry "GER"]
[BlackTeamCountry "GER"]

1. e4 e6 2. d4 d5 3. Nc3 dxe4 4. Nxe4 Nd7 5. Nf3 Ngf6 6. Nxf6+ Nxf6 7. Bd3 c5 8. dxc5 Bxc5 9. Qe2 Qc7 10. Bd2 Bd7 11. 0-0-0 0-0-0 12. Ne5 Ba4 13. Kb1 Rd5 14. f4 Rhd8 15. Bc1 Be8 16. g4 h6 17. h4 Nd7 18. Nxd7 Qxd7 19. Rde1 Bb4 20. Ref1 Qa4 21. f5 exf5 22. Rxf5 Bc6 23. Rhf1 Rxf5 24. Rxf5 Bd5 25. c4 Be6 26. Rb5 Be7 27. b3 Qa6 28. g5 hxg5 29. hxg5 Qd6 30. Be4 b6 31. c5 bxc5 32. Ra5 Rd7 33. Ra6 Qd4 34. Ra4 Qd6 35. Ra6 Qd4 36. Ra4 Qd1 37. Qxd1 Rxd1 38. Kc2 Rd7 39. Be3 Bd6 40. Ra6 Be7 41. g6 Kd8 42. Rc6 Rc7 43. Ra6 Bf6 44. gxf7 Bxf7 45. Bf5 Be8 46. Bf4 Rb7 47. Rd6+ Ke7 48. Rd5 g6 49. Bd3 Bd4 50. Bg5+ Kf7 51. Rd8 Bd7 52. Bc4+ Kg7 53. Rg8+ Kh7 54. Rd8 Bf5+ 55. Bd3 Bxd3+ 56. Kxd3 Kg7 57. Rd6 Kf7 58. Kc4 Bg7 59. Ra6 Bf8 60. Rf6+ Kg7 61. Rc6 Rb4+ 62. Kd5 Rb7 63. Kc4 Be7 64. Be3 Rd7 65. a4 g5 66. a5 g4 67. Re6 Rb7 68. Bd2 g3 69. Re4 Bd6 70. Rg4+ Kf6 71. Kd5 Be5 72. Kc4 Rd7 73. Be3 Kf5 74. Rg8 Bg7 75. Bxc5 g2 76. Re8 Rd4+ 77. Bxd4 Bxd4 78. Rg8 g1Q 79. Rxg1 Bxg1 80. Kd5 Bf2 81. Kc6 Ke5 82. b4 Kd4 83. b5 Kc4 84. b6 a6 85. b7 Ba7 86. b8Q Bxb8 87. Kb6 Kb4 88. Kxa6 Bc7 89. Kb7 Bxa5 1/2-1/2

[Event "Verbandsliga Sued Baden 1213"]
[Site "Baden"]
[Date "2013.04.21"]
[Round "9.3"]
[White "Atkinson, Paul"]
[Black "Mueller, Daniel"]
[Result "1-0"]
[WhiteElo "2178"]
[BlackElo "2143"]
[PlyCount "121"]
[EventDate "2012.10.21"]
[EventType "team-tourn"]
[EventRounds "9"]
[EventCountry "GER"]
[SourceTitle "EXT 2014"]
[Source "ChessBase"]
[SourceDate "2013.11.20"]
[SourceVersion "1"]
[SourceVersionDate "2013.11.20"]
[SourceQuality "1"]
[WhiteTeam "Zaehringen"]
[BlackTeam "Oberkirch"]
[WhiteTeamCountry "GER"]
[BlackTeamCountry "GER"]

1. d4 d5 2. Bf4 Nf6 3. e3 c5 4. c3 Qb6 5. Qb3 c4 6. Qxb6 axb6 7. Bxb8 Rxb8 8. Nd2 b5 9. a3 Bf5 10. Be2 e6 11. Ngf3 Be7 12. Nh4 Bg4 13. Bxg4 Nxg4 14. Nhf3 Nf6 15. Ke2 0-0 16. Rhb1 Ra8 17. Ne1 Rfc8 18. Nc2 g6 19. f3 Ra7 20. e4 Kg7 21. Rf1 Raa8 22. Ne3 Rd8 23. e5 Nd7 24. g4 Nb6 25. f4 Na4 26. Nd1 f6 27. exf6+ Bxf6 28. Rb1 Rdc8 29. Ne3 Re8 30. Nf3 h6 31. Kd2 Red8 32. f5 exf5 33. gxf5 g5 34. b3 Nb6 35. bxc4 Nxc4+ 36. Nxc4 dxc4 37. Rxb5 Rxa3 38. Rxb7+ Kg8 39. Kc2 Ra2+ 40. Rb2 Rxb2+ 41. Kxb2 Re8 42. Re1 Rxe1 43. Nxe1 Be7 44. Nf3 Kg7 45. Ne5 h5 46. Nxc4 Kf6 47. Ne3 Bd6 48. h3 Bf4 49. Ng2 Kxf5 50. Kc2 Bc7 51. Kd3 g4 52. hxg4+ Kxg4 53. Ke4 h4 54. Nxh4 Kxh4 55. Kf5 Bb6 56. Ke5 Kg5 57. c4 Bc7+ 58. Ke6 Kf4 59. c5 Ke4 60. d5 Kd4 61. d6 1-0

[Event "Verbandsliga Sued Baden 1213"]
[Site "Baden"]
[Date "2013.01.27"]
[Round "5.2"]
[White "Atkinson, Paul"]
[Black "Weidemann, Joerg"]
[Result "1-0"]
[WhiteElo "2178"]
[BlackElo "2313"]
[PlyCount "103"]
[EventDate "2012.10.21"]
[EventType "team-tourn"]
[EventRounds "9"]
[EventCountry "GER"]
[SourceTitle "EXT 2014"]
[Source "ChessBase"]
[SourceDate "2013.11.20"]
[SourceVersion "1"]
[SourceVersionDate "2013.11.20"]
[SourceQuality "1"]
[WhiteTeam "Zaehringen"]
[BlackTeam "Emmendingen"]
[WhiteTeamCountry "GER"]
[BlackTeamCountry "GER"]

1. c4 c5 2. g3 Nc6 3. Bg2 g6 4. Nc3 Bg7 5. Nf3 Nf6 6. 0-0 0-0 7. d4 cxd4 8. Nxd4 Ng4 9. e3 Nge5 10. Qe2 d6 11. h3 Nxd4 12. exd4 Nc6 13. d5 Nd4 14. Qd1 e5 15. dxe6 fxe6 16. Be3 e5 17. Bxd4 exd4 18. Nd5 Rb8 19. Qd2 Be6 20. Rae1 Bf7 21. a4 Kh8 22. b3 Rc8 23. Nf4 Qb6 24. Qd3 Rce8 25. Bd5 Rxe1 26. Rxe1 Be5 27. Bxf7 Rxf7 28. Nd5 Qd8 29. f4 Bg7 30. h4 Qd7 31. Kg2 Kg8 32. Qe4 Kf8 33. Nc7 Bf6 34. Qe8+ Qxe8 35. Rxe8+ Kg7 36. Nd5 h6 37. Kf3 g5 38. hxg5 hxg5 39. Re6 Bd8 40. Ke4 gxf4 41. gxf4 Bh4 42. Kxd4 Rd7 43. Ke4 Rd8 44. Kf5 a5 45. Kg4 Bf2 46. Re7+ Kh6 47. Rxb7 Bd4 48. Rb5 Ra8 49. Kf5 Ra7 50. Ke6 Bc5 51. f5 Rg7 52. Rxa5 1-0

[Event "Verbandsliga Sued Baden 1213"]
[Site "Baden"]
[Date "2012.12.16"]
[Round "3.3"]
[White "Mueller, Philip"]
[Black "Atkinson, Paul"]
[Result "1-0"]
[WhiteElo "2087"]
[BlackElo "2178"]
[PlyCount "89"]
[EventDate "2012.10.21"]
[EventType "team-tourn"]
[EventRounds "9"]
[EventCountry "GER"]
[SourceTitle "EXT 2014"]
[Source "ChessBase"]
[SourceDate "2013.11.20"]
[SourceVersion "1"]
[SourceVersionDate "2013.11.20"]
[SourceQuality "1"]
[WhiteTeam "Horben"]
[BlackTeam "Zaehringen"]
[WhiteTeamCountry "GER"]
[BlackTeamCountry "GER"]

1. e4 e5 2. Nf3 Nc6 3. Nc3 Nf6 4. Bb5 Bb4 5. d3 Nd4 6. Ba4 b5 7. Bb3 d6 8. h3 a5 9. 0-0 Nxf3+ 10. Qxf3 Bxc3 11. bxc3 a4 12. Bd5 Nxd5 13. exd5 Qh4 14. Rb1 f5 15. Rb4 Qf6 16. Qh5+ g6 17. Qh6 Bd7 18. Re1 Kf7 19. c4 Rab8 20. f4 g5 21. Qh5+ Qg6 22. Qxg6+ hxg6 23. fxe5 dxe5 24. Rxe5 f4 25. cxb5 Rhe8 26. Rxe8 Kxe8 27. c4 Bf5 28. d4 Bd3 29. g3 Kd7 30. gxf4 Re8 31. Bd2 Re2 32. Bc3 gxf4 33. Rb2 Re3 34. c5 Bxb5 35. Bd2 Re2 36. Bc3 Re3 37. Bd2 Rg3+ 38. Kh2 Rf3 39. Kg2 Rg3+ 40. Kf2 Bc4 41. c6+ Kc8 42. Bxf4 Ra3 43. Rb7 Bxa2 44. Rxc7+ Kd8 45. d6 1-0

[Event "Verbandsliga Sued Baden 1213"]
[Site "Baden"]
[Date "2012.11.18"]
[Round "2.3"]
[White "Atkinson, Paul"]
[Black "Schlupp, Olivier"]
[Result "1/2-1/2"]
[WhiteElo "2178"]
[BlackElo "2128"]
[PlyCount "112"]
[EventDate "2012.10.21"]
[EventType "team-tourn"]
[EventRounds "9"]
[EventCountry "GER"]
[SourceTitle "EXT 2014"]
[Source "ChessBase"]
[SourceDate "2013.11.20"]
[SourceVersion "1"]
[SourceVersionDate "2013.11.20"]
[SourceQuality "1"]
[WhiteTeam "Zaehringen"]
[BlackTeam "Lahr"]
[WhiteTeamCountry "GER"]
[BlackTeamCountry "GER"]

1. c4 e5 2. g3 Nc6 3. Bg2 d6 4. Nc3 Nf6 5. d3 g6 6. e4 Bg7 7. Nge2 0-0 8. 0-0 Be6 9. h3 Qd7 10. Kh2 Ne8 11. Be3 f5 12. exf5 Bxf5 13. d4 exd4 14. Nxd4 Nxd4 15. Bxd4 c6 16. Bxg7 Qxg7 17. Qd2 Rd8 18. Rae1 Nf6 19. Re2 Qf7 20. b3 Rfe8 21. Rxe8+ Nxe8 22. Re1 Nf6 23. Qf4 Be6 24. Qe3 Re8 25. Qxa7 d5 26. cxd5 cxd5 27. Qd4 Rd8 28. Qb6 Re8 29. Qd4 Rd8 30. Kg1 Rd7 31. Re5 Ne4 32. Ne2 Rc7 33. Nf4 Rc1+ 34. Kh2 Bf5 35. Rxd5 Nf6 36. Rd8+ Kg7 37. Rb8 Rc7 38. Nd5 Rd7 39. Qxf6+ Qxf6 40. Nxf6 Kxf6 41. Rxb7 Rd2 42. a4 Rxf2 43. Rb6+ Ke5 44. Kg1 Ra2 45. g4 Be6 46. Rb4 h5 47. Bf3 hxg4 48. hxg4 Ra3 49. Kf2 Bxb3 50. Bc6 Kd6 51. Be8 g5 52. Re4 Bd5 53. Re3 Ra2+ 54. Re2 Ra3 55. Rd2 Ke5 56. Bd7 Be4 1/2-1/2

[Event "Verbandsliga Sued Baden 1112"]
[Site "Germany"]
[Date "2012.03.25"]
[Round "8.3"]
[White "Zenkic, Mensur"]
[Black "Atkinson, Paul"]
[Result "0-1"]
[WhiteElo "2010"]
[BlackElo "2189"]
[PlyCount "114"]
[EventDate "2011.10.09"]
[EventType "team-tourn"]
[EventRounds "9"]
[EventCountry "GER"]
[SourceTitle "EXT 2013"]
[Source "ChessBase"]
[SourceDate "2012.11.22"]
[SourceVersion "1"]
[SourceVersionDate "2012.11.22"]
[SourceQuality "1"]
[WhiteTeam "Horben"]
[BlackTeam "Zaehringen"]
[WhiteTeamCountry "GER"]
[BlackTeamCountry "GER"]

1. e4 e5 2. Nf3 Nc6 3. Nc3 Nf6 4. Bb5 d6 5. d4 exd4 6. Nxd4 Bd7 7. Nxc6 bxc6 8. Ba4 Be7 9. 0-0 0-0 10. Bg5 Nxe4 11. Bxe7 Qxe7 12. Re1 d5 13. Nxe4 dxe4 14. Qd4 f5 15. f3 Rad8 16. fxe4 c5 17. Qc4+ Be6 18. Qc3 f4 19. Rf1 Rd4 20. Bc6 Qd6 21. Bd5 Bxd5 22. exd5 Qxd5 23. Rf2 Re8 24. Raf1 Qd6 25. Qb3+ Kh8 26. Qf7 Rf8 27. Qh5 Re4 28. Rd1 Qe7 29. Kf1 Re8 30. g3 fxg3 31. hxg3 Re6 32. Kg2 Rh6 33. Qg4 Rg6 34. Qa4 h6 35. Rdf1 Qe5 36. Qxe8+ Qxe8 37. Rf8+ Qxf8 38. Rxf8+ Kh7 39. Rf5 Rb6 40. b3 Rc6 41. c4 Kg8 42. Kf3 Rf6 43. Rxf6 gxf6 44. Ke4 c6 45. g4 Kg7 46. Kf5 Kf7 47. Ke4 Kg6 48. Kf4 a6 49. a3 f5 50. gxf5+ Kf6 51. Kg4 h5+ 52. Kxh5 Kxf5 53. Kh6 Ke4 54. Kg6 Kd3 55. Kf6 Kc3 56. Ke6 Kxb3 57. Kd6 Kxc4 0-1

[Event "Verbandsliga Sued Baden 1112"]
[Site "Germany"]
[Date "2011.11.06"]
[Round "2.2"]
[White "Atkinson, Paul"]
[Black "Holzhauer, Bjoern"]
[Result "1-0"]
[WhiteElo "2189"]
[BlackElo "2131"]
[PlyCount "125"]
[EventDate "2011.10.09"]
[EventType "team-tourn"]
[EventRounds "9"]
[EventCountry "GER"]
[SourceTitle "EXT 2013"]
[Source "ChessBase"]
[SourceDate "2012.11.22"]
[SourceVersion "1"]
[SourceVersionDate "2012.11.22"]
[SourceQuality "1"]
[WhiteTeam "Zaehringen"]
[BlackTeam "Brombach II"]
[WhiteTeamCountry "GER"]
[BlackTeamCountry "GER"]

1. Nf3 c5 2. c4 Nc6 3. g3 g6 4. Bg2 Bg7 5. 0-0 e5 6. d3 Nge7 7. Nc3 0-0 8. e4 d6 9. h3 f5 10. Nd5 Nxd5 11. cxd5 Nd4 12. Nxd4 cxd4 13. exf5 Bxf5 14. g4 Bd7 15. Be4 Qh4 16. Kg2 Bh6 17. Bxh6 Qxh6 18. Qc1 Rf4 19. f3 Rc8 20. Qd1 Rff8 21. Rf2 Rc5 22. Qd2 Qxd2 23. Rxd2 Rfc8 24. Rf1 g5 25. h4 Rc2 26. Rff2 Rxd2 27. Rxd2 h6 28. hxg5 hxg5 29. Kg3 Rc1 30. Rh2 Rg1+ 31. Kf2 Rb1 32. Rh6 Rxb2+ 33. Kg3 Rb6 34. Rg6+ Kf8 35. Rxg5 Be8 36. Rf5+ Ke7 37. g5 Rb1 38. Rf6 Rg1+ 39. Kh4 Bd7 40. Kh5 b5 41. Kg6 Be8+ 42. Kh6 Bf7 43. f4 exf4 44. Rxf4 a5 45. Rf2 Rg3 46. g6 Be8 47. Kg7 b4 48. Bf5 a4 49. Rb2 a3 50. Rxb4 Rf3 51. Rb7+ Kd8 52. Kf6 Bxg6 53. Kxg6 Rf2 54. Rd7+ Ke8 55. Rxd6 Rxa2 56. Ra6 Rb2 57. Rxa3 Ke7 58. Ra7+ Kd6 59. Be4 Rb6 60. Kf5 Rb8 61. Ra6+ Kd7 62. Ke5 Rb4 63. Bf5+ 1-0

[Event "Uxbridge e2e4 Autumn Challengers-E"]
[Site "Uxbridge"]
[Date "2010.08.13"]
[Round "5"]
[White "Atkinson, Paul"]
[Black "Kane, Robert"]
[Result "1-0"]
[WhiteElo "2215"]
[BlackElo "1864"]
[PlyCount "71"]
[EventDate "2010.08.11"]
[EventType "tourn"]
[EventRounds "9"]
[EventCountry "ENG"]
[SourceTitle "CBM 137 Extra"]
[Source "ChessBase"]
[SourceDate "2010.09.01"]
[SourceVersion "1"]
[SourceVersionDate "2010.09.01"]
[SourceQuality "1"]

1. Nf3 Nf6 2. c4 e6 3. g3 d5 4. Bg2 Be7 5. 0-0 0-0 6. b3 c6 7. Bb2 Nbd7 8. d3 Re8 9. Nbd2 Qc7 10. e4 dxe4 11. dxe4 e5 12. Qc2 c5 13. Rfd1 b6 14. Nb1 Bb7 15. Nc3 a6 16. Rd2 Bf8 17. Re1 Bc6 18. Nd5 Bxd5 19. exd5 Bd6 20. Rde2 b5 21. Qf5 bxc4 22. bxc4 Rab8 23. Bxe5 Bxe5 24. Nxe5 Nxe5 25. Rxe5 Rxe5 26. Qxe5 Qxe5 27. Rxe5 Rb2 28. d6 Rb1+ 29. Bf1 Rd1 30. Rxc5 g6 31. Rc8+ Kg7 32. c5 Ne4 33. Kg2 Rd5 34. Bc4 Rf5 35. d7 Rxf2+ 36. Kg1 1-0

[Event "Uxbridge e2e4 Autumn Challengers-E"]
[Site "Uxbridge"]
[Date "2010.08.13"]
[Round "4"]
[White "McBride, John A"]
[Black "Atkinson, Paul"]
[Result "1-0"]
[WhiteElo "1858"]
[BlackElo "2215"]
[PlyCount "91"]
[EventDate "2010.08.11"]
[EventType "tourn"]
[EventRounds "9"]
[EventCountry "ENG"]
[SourceTitle "CBM 137 Extra"]
[Source "ChessBase"]
[SourceDate "2010.09.01"]
[SourceVersion "1"]
[SourceVersionDate "2010.09.01"]
[SourceQuality "1"]

1. d4 Nf6 2. Nf3 e6 3. c4 Bb4+ 4. Bd2 a5 5. a3 Be7 6. Nc3 d6 7. e4 0-0 8. Be2 b6 9. 0-0 Bb7 10. Qc2 Na6 11. Rfe1 Nd7 12. Rad1 Bf6 13. Bf1 Re8 14. Bc1 g6 15. Qb1 e5 16. d5 Bg7 17. b4 axb4 18. axb4 Rf8 19. Bd3 Nf6 20. Bg5 h6 21. Bxf6 Bxf6 22. Qb2 Be7 23. Ra1 f5 24. Ra3 f4 25. Rea1 Qc8 26. Be2 g5 27. Ne1 g4 28. f3 h5 29. Nd3 Kh7 30. b5 Nc5 31. Rxa8 Bxa8 32. Nxc5 dxc5 33. Na2 Bf6 34. Nc1 Bb7 35. Nd3 Qd7 36. Ra7 Rb8 37. Nxf4 Qe7 38. Ne6 Qf7 39. fxg4 Qg6 40. Qc3 Kh8 41. Qf3 Bg5 42. Qf5 Be3+ 43. Kf1 Qxf5+ 44. gxf5 h4 45. Nxc7 Kg7 46. Na6 1-0

[Event "Uxbridge e2e4 Autumn Challengers-E"]
[Site "Uxbridge"]
[Date "2010.08.12"]
[Round "3"]
[White "Atkinson, Paul"]
[Black "Collier, Timothy"]
[Result "1-0"]
[WhiteElo "2215"]
[BlackElo "2001"]
[PlyCount "133"]
[EventDate "2010.08.11"]
[EventType "tourn"]
[EventRounds "9"]
[EventCountry "ENG"]
[SourceTitle "CBM 137 Extra"]
[Source "ChessBase"]
[SourceDate "2010.09.01"]
[SourceVersion "1"]
[SourceVersionDate "2010.09.01"]
[SourceQuality "1"]

1. e4 c5 2. c4 Nc6 3. Nc3 g6 4. g3 Bg7 5. Bg2 d6 6. Nge2 e6 7. d3 Nge7 8. 0-0 0-0 9. Rb1 Bd7 10. a3 a5 11. Nb5 Qb8 12. d4 cxd4 13. Nbxd4 Ne5 14. b3 f6 15. a4 Rd8 16. Ba3 Nf7 17. Nc3 Ra6 18. Ndb5 f5 19. exf5 Nxf5 20. Bb2 Bc6 21. Qe2 Bxg2 22. Kxg2 d5 23. Rfd1 d4 24. Ne4 e5 25. Ba3 Re6 26. Rd3 b6 27. Qf3 Bf8 28. Bxf8 Rxf8 29. Kg1 Qd8 30. Re1 Kg7 31. Qg2 Ree8 32. h4 N7d6 33. Nbxd6 Nxd6 34. Nxd6 Qxd6 35. Qe4 Qf6 36. Re2 Qf5 37. Kg2 Qxe4+ 38. Rxe4 Kf6 39. f4 exf4 40. Rxf4+ Kg7 41. Rxf8 Kxf8 42. Rxd4 Re2+ 43. Kf3 Rb2 44. Rd3 Ke7 45. Ke3 Ke6 46. Ke4 Rc2 47. Rf3 h6 48. Kd3 Rg2 49. c5 bxc5 50. Kc4 Rc2+ 51. Kb5 Ke5 52. Kxa5 g5 53. hxg5 hxg5 54. Kb5 Ke4 55. Rf1 Rb2 56. Kxc5 Rxb3 57. g4 Rg3 58. Rb1 Rc3+ 59. Kb4 Rc8 60. Rf1 Rb8+ 61. Ka3 Rd8 62. Rf5 Rd3+ 63. Kb4 Rd1 64. Rxg5 Kf4 65. Rg6 Rb1+ 66. Ka5 Ra1 67. Kb5 1-0

[Event "IECG Q3.2000.0.00088"]
[Site "IECG email"]
[Date "2000.09.25"]
[Round "?"]
[White "Atkinson, Paul"]
[Black "Dion, Michel"]
[Result "1-0"]
[WhiteElo "1262"]
[BlackElo "1062"]
[PlyCount "27"]
[EventDate "2000.09.25"]
[EventType "tourn (corr)"]
[EventRounds "6"]
[SourceTitle "Corr 2008"]
[Source "ChessBase"]
[SourceDate "2008.06.24"]
[SourceVersion "1"]
[SourceVersionDate "2008.06.24"]
[SourceQuality "1"]

1. e4 e6 2. d4 d5 3. e5 c5 4. c3 Nc6 5. Nf3 Qb6 6. a3 c4 7. Nbd2 f6 8. Be2 fxe5 9. Nxe5 Nxe5 10. dxe5 Bc5 11. 0-0 Bd7 12. a4 Ne7 13. b4 Bxb4 14. Rb1 1-0

[Event "IECG Q3.2000.0.00088"]
[Site "IECG email"]
[Date "2000.09.25"]
[Round "?"]
[White "Tolan, John"]
[Black "Atkinson, Paul"]
[Result "0-1"]
[WhiteElo "1190"]
[BlackElo "1262"]
[PlyCount "54"]
[EventDate "2000.09.25"]
[EventType "tourn (corr)"]
[EventRounds "6"]
[SourceTitle "Corr 2008"]
[Source "ChessBase"]
[SourceDate "2008.06.24"]
[SourceVersion "1"]
[SourceVersionDate "2008.06.24"]
[SourceQuality "1"]

1. e4 c5 2. Nf3 d6 3. d4 cxd4 4. Nxd4 Nf6 5. Nc3 a6 6. h3 e6 7. Qf3 Nbd7 8. Be3 Qe7 9. a4 Ne5 10. Qg3 Qc7 11. Bg5 Be7 12. Be2 b6 13. Nf3 Bb7 14. Nxe5 dxe5 15. 0-0 Bb4 16. Bxf6 gxf6 17. Na2 Bc5 18. Bd3 0-0-0 19. Qf3 f5 20. Qe2 a5 21. Nc3 Rhg8 22. Ba6 fxe4 23. Nxe4 f5 24. Nxc5 Rxg2+ 25. Kh1 bxc5 26. Qb5 Rg1+ 27. Kh2 Rxf1 0-1